[Event "Skakthing Reykjavikur"]
[Site "Reykjavik"]
[Date "2017.02.01"]
[Round "8"]
[White "Thorfinnsson, Bjorn"]
[Black "Kjartansson, Gudmundur"]
[Result "0-1"]
[WhiteElo "2404"]
[BlackElo "2468"]
[PlyCount "58"]
[EventDate "2017.01.08"]
[EventType "swiss"]
[EventRounds "9"]
[EventCountry "ISL"]

1. d4 e6 2. Bf4 Nf6 3. e3 c5 4. c3 Nc6 5. Nd2 d5 6. Ngf3 Bd6 7. Bg3 O-O 8. Bd3
b6 9. e4 Be7 10. e5 Nh5 11. Ng1 g6 12. Ne2 f5 13. f4 c4 14. Bc2 b5 15. b3 b4
16. bxc4 bxc3 17. Nb1 Ba6 18. c5 Nxg3 19. hxg3 Qa5 20. Nc1 Rab8 21. g4 Rb4 22.
gxf5 Rxd4 23. Qg4 Rxf5 24. Nb3 Qb4 25. Qh3 Bh4+ 26. g3 Rdxf4 27. Bxf5 exf5 28.
gxh4 Qe4+ 29. Kd1 Qe2+ 0-1

[Event "Skakthing Reykjavikur"]
[Site "Reykjavik"]
[Date "2017.02.01"]
[Round "8"]
[White "Ragnarsson, Dagur"]
[Black "Olafsson, Thorvardur"]
[Result "1-0"]
[WhiteElo "2276"]
[BlackElo "2188"]
[PlyCount "63"]
[EventDate "2017.01.08"]
[EventType "swiss"]
[EventRounds "9"]
[EventCountry "ISL"]

1. c4 Nf6 2. g3 g6 3. Bg2 Bg7 4. d4 O-O 5. Nf3 c6 6. O-O d5 7. cxd5 cxd5 8. Ne5
Ng4 9. Nxg4 Bxg4 10. h3 Bd7 11. Nc3 Nc6 12. Be3 e6 13. Qd2 Qb6 14. Rfd1 Ne7 15.
f3 Nf5 16. Bf2 Bh6 17. f4 Nd6 18. e4 Nc4 19. Qe1 Qxb2 20. Rab1 Qa3 21. exd5 Nb2
22. Rd2 Qxc3 23. Rdxb2 Qxe1+ 24. Rxe1 exd5 25. Bxd5 Bxh3 26. Rxb7 Rad8 27. Bb3
Bg7 28. Ree7 Bc8 29. Rxa7 Bxd4 30. Bxd4 Rxd4 31. Bxf7+ Kg7 32. Bb3+ 1-0

[Event "Skakthing Reykjavikur"]
[Site "Reykjavik"]
[Date "2017.02.01"]
[Round "8"]
[White "Viglundsson, Bjorgvin"]
[Black "Ptacnikova, Lenka"]
[Result "0-1"]
[WhiteElo "2185"]
[BlackElo "2210"]
[PlyCount "88"]
[EventDate "2017.01.08"]
[EventType "swiss"]
[EventRounds "9"]
[EventCountry "ISL"]

1. d4 Nf6 2. c4 e6 3. Nf3 Bb4+ 4. Nbd2 O-O 5. a3 Be7 6. e4 d6 7. Bd3 a5 8. b3
e5 9. Bb2 Nc6 10. d5 Nb8 11. c5 Na6 12. cxd6 cxd6 13. O-O Nc5 14. Bc2 Bd7 15.
Qe2 Qb6 16. Rab1 Bb5 17. Nc4 Qa6 18. Nfd2 a4 19. bxa4 Nxa4 20. Ba1 Nc5 21. Rb4
Rfc8 22. Rfb1 Bxc4 23. Nxc4 Nfd7 24. Qe3 Rc7 25. Bd1 Rac8 26. Be2 Qa8 27. g3
Na4 28. Bg4 Rd8 29. Bxd7 Rdxd7 30. Nb6 Nxb6 31. Rxb6 Rc4 32. R6b4 Rdc7 33. Kg2
Rc2 34. R1b3 Qa6 35. Rb5 h6 36. h4 Qa8 37. Bb2 Qc8 38. Qf3 g6 39. h5 Kg7 40. a4
Bg5 41. Rb6 Qd7 42. a5 Bc1 43. Bxc1 Rxc1 44. a6 Rh1 0-1

[Event "Skakthing Reykjavikur"]
[Site "Reykjavik"]
[Date "2017.02.01"]
[Round "8"]
[White "Fivelstad, Jon Olav"]
[Black "Jonasson, Benedikt"]
[Result "0-1"]
[WhiteElo "1920"]
[BlackElo "2208"]
[PlyCount "106"]
[EventDate "2017.01.08"]
[EventType "swiss"]
[EventRounds "9"]
[EventCountry "ISL"]

1. e4 c5 2. Nf3 Nc6 3. d4 cxd4 4. Nxd4 g6 5. Nc3 Bg7 6. Nb3 Nf6 7. Be2 O-O 8.
O-O d6 9. Re1 a5 10. a4 Nb4 11. Bg5 Bd7 12. Nd4 Rc8 13. Ndb5 h6 14. Bh4 Bc6 15.
Bf1 Qb6 16. Rc1 Rfe8 17. Qe2 Nh5 18. Qg4 Nf6 19. Qe2 d5 20. e5 Ne4 21. Nxe4
dxe4 22. Bg3 Kh7 23. Kh1 Red8 24. Nc3 f5 25. exf6 exf6 26. Nxe4 Re8 27. f3 f5
28. c3 fxe4 29. cxb4 exf3 30. Qd2 Qxb4 31. Qxb4 axb4 32. b3 Bc3 33. Rxe8 Rxe8
34. gxf3 Bxf3+ 35. Kg1 Bd5 36. Rb1 Rf8 37. Bg2 Rf5 38. Bxd5 Rxd5 39. Kf2 g5 40.
Ke3 Kg6 41. Ke4 Rd7 42. Rf1 h5 43. Rf8 h4 44. Bb8 Rd2 45. Bc7 Rb2 46. Rb8 Rxb3
47. Rxb7 Ra3 48. a5 b3 49. Bd6 Ra4+ 50. Kd3 Bf6 51. Bc7 b2 52. Rb6 Rxa5 53. Ke4
Ra1 0-1

[Event "Skakthing Reykjavikur"]
[Site "Reykjavik"]
[Date "2017.02.01"]
[Round "8"]
[White "Gislason, Gudmundur"]
[Black "Birkisson, Bardur Orn"]
[Result "1-0"]
[WhiteElo "2332"]
[BlackElo "2175"]
[PlyCount "45"]
[EventDate "2017.01.08"]
[EventType "swiss"]
[EventRounds "9"]
[EventCountry "ISL"]

1. d4 d5 2. c4 c6 3. Nc3 Nf6 4. cxd5 cxd5 5. Bf4 Qb6 6. e3 Qxb2 7. Bb5+ Bd7 8.
Bxd7+ Nbxd7 9. Nge2 e6 10. O-O Rc8 11. Rb1 Qa3 12. Rxb7 Rxc3 13. Nxc3 Qxc3 14.
Qb1 Be7 15. Rc1 Qa3 16. Rc8+ Bd8 17. Bc7 Ke7 18. Be5 Qa4 19. Ra8 a6 20. Qc1 Qc4
21. Qa3+ Ke8 22. h3 Qc6 23. Bc7 1-0

[Event "Skakthing Reykjavikur"]
[Site "Reykjavik"]
[Date "2017.02.01"]
[Round "8"]
[White "Ingvason, Johann"]
[Black "Johannsson, Orn Leo"]
[Result "1/2-1/2"]
[WhiteElo "2124"]
[BlackElo "2212"]
[PlyCount "41"]
[EventDate "2017.01.08"]
[EventType "swiss"]
[EventRounds "9"]
[EventCountry "ISL"]

1. d4 d6 2. e4 Nf6 3. Nc3 e5 4. Nf3 Nbd7 5. Bc4 Be7 6. h3 c6 7. a4 h6 8. Be3
Qc7 9. Qd2 Nf8 10. Bb3 g5 11. Qd3 Ng6 12. Qc4 Rh7 13. h4 exd4 14. Nxd4 Ne5 15.
Qe2 g4 16. O-O-O a6 17. f4 gxf3 18. Nxf3 b5 19. Bf4 Nfg4 20. Rdf1 f6 21. Nd4
1/2-1/2

[Event "Skakthing Reykjavikur"]
[Site "Reykjavik"]
[Date "2017.02.01"]
[Round "8"]
[White "Omarsson, Dadi"]
[Black "Birkisson, Bjorn Holm"]
[Result "1-0"]
[WhiteElo "2197"]
[BlackElo "1979"]
[PlyCount "45"]
[EventDate "2017.01.08"]
[EventType "swiss"]
[EventRounds "9"]
[EventCountry "ISL"]

1. e4 e6 2. d4 d5 3. Nc3 Bb4 4. e5 c5 5. a3 Bxc3+ 6. bxc3 Ne7 7. Qg4 cxd4 8.
Qxg7 Rg8 9. Qxh7 Nbc6 10. f4 dxc3 11. Nf3 Qc7 12. Ng5 Rxg5 13. fxg5 Qxe5+ 14.
Kf2 Nf5 15. Bd3 Qd4+ 16. Ke2 Qe5+ 17. Kf1 Nfe7 18. Kf2 b6 19. Re1 Qd6 20. a4
Bb7 21. Kg1 e5 22. Ba3 Qc7 23. Rf1 1-0

[Event "Skakthing Reykjavikur"]
[Site "Reykjavik"]
[Date "2017.02.01"]
[Round "8"]
[White "Briem, Stephan"]
[Black "Fridjonsson, Julius"]
[Result "1/2-1/2"]
[WhiteElo "1803"]
[BlackElo "2145"]
[PlyCount "61"]
[EventDate "2017.01.08"]
[EventType "swiss"]
[EventRounds "9"]
[EventCountry "ISL"]

1. d4 f5 2. Nf3 Nf6 3. g3 e6 4. Bg2 Be7 5. O-O O-O 6. c4 d6 7. Nc3 Qe8 8. Bg5
Ne4 9. Bxe7 Nxc3 10. bxc3 Qxe7 11. Re1 c6 12. e4 f4 13. e5 d5 14. Qd3 b6 15. a4
a5 16. cxd5 cxd5 17. c4 fxg3 18. fxg3 Ba6 19. Nd2 Ra7 20. Qb3 Bxc4 21. Nxc4
dxc4 22. Qxc4 Rc7 23. Qb3 Nd7 24. Rac1 Rfc8 25. Rxc7 Rxc7 26. Bh3 Nf8 27. Qxb6
Rc4 28. Qxa5 Rxd4 29. Bg2 Qd7 30. Qc5 Rxa4 31. Qe3 1/2-1/2

[Event "Skakthing Reykjavikur"]
[Site "Reykjavik"]
[Date "2017.02.01"]
[Round "8"]
[White "Jonsson, Gauti Pall"]
[Black "Einarsson, Oskar Long"]
[Result "1/2-1/2"]
[WhiteElo "2036"]
[BlackElo "1671"]
[PlyCount "105"]
[EventDate "2017.01.08"]
[EventType "swiss"]
[EventRounds "9"]
[EventCountry "ISL"]

1. e4 e6 2. d4 d5 3. exd5 exd5 4. c4 Nf6 5. Nc3 Be6 6. cxd5 Nxd5 7. Nf3 Bb4 8.
Bd2 O-O 9. Bd3 Nc6 10. h3 h6 11. O-O a6 12. a3 Ba5 13. Rc1 Bb6 14. Be3 Nxe3 15.
fxe3 Ne7 16. Na4 c6 17. Nxb6 Qxb6 18. Qd2 Rad8 19. b4 Rfe8 20. Rc5 Rd5 21. Bc4
Rd6 22. Ne5 f6 23. Qa2 Nd5 24. e4 Ne3 25. Bxe6+ Rdxe6 26. Nc4 Nxc4 27. Qxc4 Kh8
28. e5 fxe5 29. Re1 R6e7 30. Qf1 Qd8 31. dxe5 Rxe5 32. Rcxe5 Rxe5 33. Rd1 Qe7
34. Qf2 a5 35. Qg3 axb4 36. axb4 Re4 37. Qg6 Re1+ 38. Rxe1 Qxe1+ 39. Kh2 Qxb4
40. Qf5 Qd6+ 41. Kh1 Qc7 42. h4 c5 43. h5 c4 44. Qf8+ Kh7 45. Qf5+ Kg8 46. Qe6+
Kf8 47. Qf5+ Ke8 48. Qe6+ Kd8 49. Qg8+ Kd7 50. Qxg7+ Kc8 51. Qg8+ Kd7 52. Qf7+
Kc8 53. Qg8+ 1/2-1/2

[Event "Skakthing Reykjavikur"]
[Site "Reykjavik"]
[Date "2017.02.01"]
[Round "8"]
[White "Mai, Aron Thor"]
[Black "Briem, Hedinn"]
[Result "1-0"]
[WhiteElo "1965"]
[BlackElo "1576"]
[PlyCount "43"]
[EventDate "2017.01.08"]
[EventType "swiss"]
[EventRounds "9"]
[EventCountry "ISL"]

1. e4 e6 2. d4 d5 3. Nc3 Bb4 4. e5 c5 5. a3 Bxc3+ 6. bxc3 Nc6 7. Qg4 Nge7 8.
Bd3 Ng6 9. Nf3 Qb6 10. h4 h5 11. Qg3 Nge7 12. Qxg7 Rg8 13. Qf6 Ng6 14. Bxg6
fxg6 15. O-O cxd4 16. cxd4 Nxd4 17. Nxd4 Qxd4 18. Be3 Qc4 19. Rab1 b6 20. Rb4
Qc7 21. Bg5 Ba6 22. Qxe6+ 1-0

[Event "Skakthing Reykjavikur"]
[Site "Reykjavik"]
[Date "2017.02.01"]
[Round "8"]
[White "Hannesson, Sigurdur Orn"]
[Black "Eliasson, Kristjan Orn"]
[Result "0-1"]
[WhiteElo "1632"]
[BlackElo "1900"]
[PlyCount "140"]
[EventDate "2017.01.08"]
[EventType "swiss"]
[EventRounds "9"]
[EventCountry "ISL"]

1. d4 g6 2. c4 Bg7 3. f3 d6 4. Nc3 c6 5. e4 Nf6 6. Bg5 Qc7 7. Bd3 e5 8. Nge2
O-O 9. d5 Nbd7 10. Qd2 Re8 11. O-O Nf8 12. Rac1 h5 13. Be3 N8h7 14. f4 Ng4 15.
f5 Qe7 16. h3 Nxe3 17. Qxe3 Nf6 18. Rf3 Kh7 19. fxg6+ fxg6 20. Rcf1 Rf8 21. Qf2
Bd7 22. Qg3 Ng8 23. Rxf8 Rxf8 24. Rxf8 Bxf8 25. Qf2 c5 26. b3 Bh6 27. Nd1 Bg5
28. a3 Nh6 29. b4 b6 30. b5 Nf7 31. Ne3 Kg7 32. Nd1 Bh6 33. Ne3 Qg5 34. Nf1
Bxh3 35. Qg3 Bg4 36. Qf2 Bd7 37. Qg3 Qe7 38. Nh2 Kh7 39. Nf3 g5 40. Qf2 h4 41.
Kh1 Qf6 42. Kg1 Kg6 43. Nh2 Qe7 44. Qf3 Bg7 45. g3 Qf6 46. Qxf6+ Bxf6 47. gxh4
gxh4 48. Kf2 Kh5 49. Ng1 Ng5 50. Be2+ Kg6 51. Ke3 Nh3 52. Nxh3 Bxh3 53. Bg4
Bxg4 54. Nxg4 Bg5+ 55. Kf3 Bf4 56. Nf2 Kh5 57. Nh3 Bd2 58. Nf2 Be1 59. Nh3 Bg3
60. Ng1 Be1 61. Nh3 Bc3 62. Nf2 Bb2 63. a4 Bc3 64. Nh3 Bd4 65. Kg2 Kg4 66. Kh2
Be3 67. Kg2 Bh6 68. Nf2+ Kf4 69. Kh3 Bg5 70. Kg2 Be7 0-1

[Event "Skakthing Reykjavikur"]
[Site "Reykjavik"]
[Date "2017.02.01"]
[Round "8"]
[White "Mai, Alexander Oliver"]
[Black "Gardarsson, Halldor"]
[Result "1/2-1/2"]
[WhiteElo "1837"]
[BlackElo "1783"]
[PlyCount "117"]
[EventDate "2017.01.08"]
[EventType "swiss"]
[EventRounds "9"]
[EventCountry "ISL"]

1. d4 d5 2. Bf4 Nc6 3. e3 e5 4. dxe5 Be6 5. Nf3 Nge7 6. Nd4 Qd7 7. Nd2 Ng6 8.
N2f3 Bc5 9. Bb5 Bg4 10. Nb3 Be7 11. Bg3 O-O 12. Nbd2 f6 13. exf6 Bxf6 14. c3 a6
15. Be2 Nce7 16. O-O Nf5 17. Nd4 Bxe2 18. Qxe2 Nxg3 19. hxg3 Ne5 20. N4f3 Qg4
21. Rae1 Ng6 22. Qd3 Rad8 23. e4 c6 24. exd5 Rxd5 25. Qe4 Qd7 26. Qe6+ Qxe6 27.
Rxe6 Ne5 28. Nxe5 Rxd2 29. Nc4 Rc2 30. Rd6 Re8 31. Rd2 Re2 32. Rxe2 Rxe2 33.
Rb1 b5 34. Kf1 Re4 35. Nd2 Re5 36. Nf3 Rc5 37. Rd1 b4 38. cxb4 Rc2 39. b3 Rxa2
40. Nd4 Rb2 41. Nxc6 Rxb3 42. Rd7 Rb2 43. Rb7 h6 44. Rb6 Bc3 45. Rxa6 Bxb4 46.
Nxb4 Rxb4 47. Kg1 Kh7 48. Kh2 h5 49. Kh3 Rb1 50. g4 Rb3+ 51. g3 Rf3 52. gxh5
Rxf2 53. g4 Rb2 54. g5 Rb5 55. Rg6 Rb3+ 56. Kg4 Rb4+ 57. Kf5 Rb5+ 58. Ke4 Rb4+
59. Kf5 1/2-1/2

[Event "Skakthing Reykjavikur"]
[Site "Reykjavik"]
[Date "2017.02.01"]
[Round "8"]
[White "Jonasson, Hordur"]
[Black "Arnarsson, Hrannar"]
[Result "1/2-1/2"]
[WhiteElo "1528"]
[BlackElo "2066"]
[PlyCount "80"]
[EventDate "2017.01.08"]
[EventType "swiss"]
[EventRounds "9"]
[EventCountry "ISL"]

1. e4 e6 2. d4 d5 3. exd5 exd5 4. Bd3 Nf6 5. Nf3 Bg4 6. O-O Be7 7. h3 Bh5 8.
Bf4 O-O 9. Nbd2 Bd6 10. Bxd6 Qxd6 11. Re1 Nbd7 12. c3 Rfe8 13. Qc2 Bg6 14. Bxg6
hxg6 15. Re3 Rxe3 16. fxe3 Re8 17. Re1 Ne4 18. Nxe4 Rxe4 19. Qf2 Qe7 20. Nd2
Re6 21. Nf3 g5 22. Re2 f6 23. Nd2 Nb6 24. b3 c5 25. Nf3 c4 26. b4 Nc8 27. Qe1
Nd6 28. Nd2 Qe8 29. a3 Qg6 30. Qb1 Qh5 31. Qe1 g4 32. hxg4 Qxg4 33. a4 f5 34.
Rf2 Rh6 35. Rf4 Qh5 36. Rf3 Qh2+ 37. Kf1 Rg6 38. Rf2 f4 39. exf4 Qh1+ 40. Ke2
Re6+ 1/2-1/2

[Event "Skakthing Reykjavikur"]
[Site "Reykjavik"]
[Date "2017.02.01"]
[Round "8"]
[White "Antonsson, Atli"]
[Black "Briem, Benedikt"]
[Result "1-0"]
[WhiteElo "1857"]
[BlackElo "1417"]
[PlyCount "69"]
[EventDate "2017.01.08"]
[EventType "swiss"]
[EventRounds "9"]
[EventCountry "ISL"]

1. f4 d5 2. Nf3 c5 3. e3 Nc6 4. b3 Bg4 5. Be2 Nf6 6. Bb2 h6 7. O-O e6 8. d3 Be7
9. Nbd2 O-O 10. h3 Bf5 11. Ne5 Rc8 12. Ndf3 Nd7 13. Nxc6 bxc6 14. Qe1 Bf6 15.
Ne5 Nxe5 16. Bxe5 Bxe5 17. fxe5 Qg5 18. Rf3 h5 19. Rg3 Qh6 20. Qa5 h4 21. Rf3
g5 22. Rf2 Kh7 23. Qxa7 Qg6 24. Qxc5 Rg8 25. Raf1 Rc7 26. Qb6 Rgc8 27. a4 c5
28. a5 Rd7 29. a6 Rcc7 30. Ra1 Ra7 31. Qxc5 g4 32. hxg4 Bxg4 33. Bxg4 Qxg4 34.
Rf4 Qg3 35. Qd4 1-0

[Event "Skakthing Reykjavikur"]
[Site "Reykjavik"]
[Date "2017.02.01"]
[Round "8"]
[White "Baldursson, Atli Mar"]
[Black "Vignisson, Ingvar Egill"]
[Result "0-1"]
[WhiteElo "1226"]
[BlackElo "1652"]
[PlyCount "26"]
[EventDate "2017.01.08"]
[EventType "swiss"]
[EventRounds "9"]
[EventCountry "ISL"]

1. d4 Nf6 2. c4 g6 3. Nc3 Bg7 4. e4 d6 5. f3 O-O 6. Bd3 Nbd7 7. Nge2 e5 8. d5
a5 9. a4 Nc5 10. Bc2 Ne8 11. Be3 b6 12. Qd2 f5 13. Bh6 Qh4+ 0-1

[Event "Skakthing Reykjavikur"]
[Site "Reykjavik"]
[Date "2017.02.01"]
[Round "8"]
[White "Haraldsson, Sigurjon"]
[Black "Sveinsson, Gudmundur Peng"]
[Result "0-1"]
[WhiteElo "1784"]
[BlackElo "1267"]
[PlyCount "72"]
[EventDate "2017.01.08"]
[EventType "swiss"]
[EventRounds "9"]
[EventCountry "ISL"]

1. e4 e5 2. Bc4 Bc5 3. d3 d6 4. Nc3 c6 5. Nf3 Bg4 6. h3 Bh5 7. g4 Bg6 8. Qe2 a5
9. a3 b5 10. Ba2 h6 11. Be3 Nd7 12. O-O-O b4 13. Nb1 bxa3 14. b3 a4 15. Bxc5
axb3 16. cxb3 Nxc5 17. d4 exd4 18. Rxd4 Ne7 19. Rhd1 Qb6 20. Qe3 Nxb3+ 21. Qxb3
Qxb3 22. Bxb3 a2 23. Bxa2 Rxa2 24. Rxd6 O-O 25. Nfd2 Rb8 26. f4 Rb5 27. f5 Rc5+
28. Nc3 Rxc3+ 29. Kb1 Rca3 30. Nc4 Ra4 31. Rd7 Ra1+ 32. Kb2 Rxd1 33. Rxd1 Rxc4
34. e5 Nxf5 35. gxf5 Bxf5 36. h4 Rxh4 0-1

[Event "Skakthing Reykjavikur"]
[Site "Reykjavik"]
[Date "2017.02.01"]
[Round "8"]
[White "Magnusson, Thorsteinn"]
[Black "Kristjansson, Halldor"]
[Result "0-1"]
[WhiteElo "1383"]
[BlackElo "1560"]
[PlyCount "34"]
[EventDate "2017.01.08"]
[EventType "swiss"]
[EventRounds "9"]
[EventCountry "ISL"]

1. d4 d5 2. Bf4 Nf6 3. e3 e6 4. h3 Bd6 5. Bxd6 Qxd6 6. f4 Qb4+ 7. Nd2 Qxb2 8.
Bd3 Nc6 9. Ngf3 Nb4 10. Rb1 Nxd3+ 11. cxd3 Qxa2 12. O-O Qa6 13. Qe2 Ne4 14. Ra1
Nc3 15. Qf2 Qxd3 16. Kh1 Ne4 17. Nxe4 Qxe4 0-1

[Event "Skakthing Reykjavikur"]
[Site "Reykjavik"]
[Date "2017.02.01"]
[Round "8"]
[White "Sigurvaldason, Hjalmar"]
[Black "Petursson, Armann"]
[Result "1/2-1/2"]
[WhiteElo "1464"]
[BlackElo "1256"]
[PlyCount "55"]
[EventDate "2017.01.08"]
[EventType "swiss"]
[EventRounds "9"]
[EventCountry "ISL"]

1. c4 Nf6 2. g3 e5 3. Bg2 d5 4. cxd5 Nxd5 5. Qb3 Nb6 6. Nc3 Be6 7. Qb5+ N8d7 8.
Bxb7 Bc4 9. Qc6 Rb8 10. Qg2 Bc5 11. Bc6 O-O 12. Bxd7 Qxd7 13. d3 Ba6 14. Nf3
Rfe8 15. a3 Na4 16. Nxa4 Qxa4 17. O-O Bd4 18. Nxd4 exd4 19. b4 Rxe2 20. Bf4 Bb7
21. Qh3 Qc6 22. f3 Rbe8 23. Rac1 Rc2 24. Rxc2 Qxc2 25. Qd7 Qe2 26. Rf2 Qe1+ 27.
Rf1 Qe2 28. Rf2 1/2-1/2

[Event "Skakthing Reykjavikur"]
[Site "Reykjavik"]
[Date "2017.02.01"]
[Round "8"]
[White "Olafsson, Arni"]
[Black "Sigurdarson, Sveinn"]
[Result "1-0"]
[WhiteElo "1224"]
[BlackElo "1295"]
[PlyCount "65"]
[EventDate "2017.01.08"]
[EventType "swiss"]
[EventRounds "9"]
[EventCountry "ISL"]

1. e4 e6 2. d4 d5 3. Nc3 dxe4 4. Nxe4 Nf6 5. Nxf6+ Qxf6 6. Nf3 h6 7. g3 Bd6 8.
c3 O-O 9. Bg2 Nc6 10. O-O e5 11. dxe5 Nxe5 12. Nxe5 Bxe5 13. Re1 c6 14. Be3 Bf5
15. Qe2 Rfe8 16. h3 Bc7 17. Qc4 Be6 18. Qd4 Qf5 19. Qb4 Bc8 20. Bd4 Rxe1+ 21.
Rxe1 Qd7 22. Qe7 Qxe7 23. Rxe7 Bd6 24. Re8+ Kh7 25. Be4+ f5 26. Bxf5+ Bxf5 27.
Rxa8 c5 28. Be3 a6 29. h4 Be6 30. a3 Kg6 31. Rd8 Bc7 32. Rd2 Kf5 33. Bxc5 1-0

[Event "Skakthing Reykjavikur"]
[Site "Reykjavik"]
[Date "2017.02.01"]
[Round "8"]
[White "Gudmarsson, Olafur"]
[Black "Thrastarson, Tryggvi K"]
[Result "1-0"]
[WhiteElo "1739"]
[BlackElo "1353"]
[PlyCount "91"]
[EventDate "2017.01.08"]
[EventType "swiss"]
[EventRounds "9"]
[EventCountry "ISL"]

1. e4 c5 2. Nf3 e6 3. c3 a6 4. d4 cxd4 5. cxd4 d6 6. Be2 Be7 7. O-O Nf6 8. Nc3
O-O 9. h3 b5 10. a3 Bb7 11. Bd3 h6 12. Be3 Nh7 13. Rc1 Bg5 14. Nxg5 Nxg5 15.
Qc2 f6 16. Rfd1 Nd7 17. Qb3 Re8 18. f4 Nf7 19. Be2 Nf8 20. a4 Rb8 21. axb5 axb5
22. Qb4 Qd7 23. d5 exd5 24. Nxd5 Bxd5 25. Rxd5 Rec8 26. Rxc8 Qxc8 27. Qb3 Rb7
28. f5 Kh8 29. Rxb5 Rxb5 30. Qxb5 Ne5 31. Qb3 Qc6 32. Bd3 Nxd3 33. Qxd3 Nd7 34.
b4 Ne5 35. b5 Qd7 36. Qd5 Qd8 37. b6 Qb8 38. Bd4 Qc8 39. Be3 Qb8 40. b7 Nd7 41.
Qb5 Nc5 42. Bxc5 dxc5 43. Qd7 Kh7 44. Qc8 Qg3 45. b8=Q Qe3+ 46. Kh2 1-0

[Event "Skakthing Reykjavikur"]
[Site "Reykjavik"]
[Date "2017.02.01"]
[Round "8"]
[White "Jonatansson, Sigurdur Freyr"]
[Black "Ragnarsson, Heimir Pall"]
[Result "0-1"]
[WhiteElo "1682"]
[BlackElo "1695"]
[PlyCount "64"]
[EventDate "2017.01.08"]
[EventType "swiss"]
[EventRounds "9"]
[EventCountry "ISL"]

1. e4 c5 2. Nf3 d6 3. Bb5+ Nd7 4. d4 cxd4 5. Nxd4 Ngf6 6. Nc3 a6 7. Bxd7+ Nxd7
8. a4 b6 9. Nd5 Bb7 10. Bg5 h6 11. Bh4 g6 12. Qg4 Ne5 13. Qh3 Bxd5 14. exd5 Qc7
15. f4 Nc4 16. b3 Bg7 17. Bf2 Qc5 18. c3 Qxd5 19. bxc4 Qe4+ 20. Kf1 Qxf4 21.
Qf3 Qxf3 22. gxf3 Rc8 23. Ne2 Rxc4 24. Bxb6 O-O 25. Ba5 Rb8 26. Kf2 Rb2 27. Ke3
Rc5 28. Nd4 Bxd4+ 29. Kxd4 Rxa5 30. h4 Rd2+ 31. Kc4 Rc5+ 32. Kb3 Rd3 0-1

[Event "Skakthing Reykjavikur"]
[Site "Reykjavik"]
[Date "2017.02.01"]
[Round "8"]
[White "Heidarsson, Arnar"]
[Black "Omarsson, Adam"]
[Result "1-0"]
[WhiteElo "1376"]
[BlackElo "1070"]
[PlyCount "63"]
[EventDate "2017.01.08"]
[EventType "swiss"]
[EventRounds "9"]
[EventCountry "ISL"]

1. e4 e5 2. Nf3 Nc6 3. Bb5 a6 4. Ba4 b5 5. Bb3 Nf6 6. O-O Bc5 7. c3 O-O 8. d4
exd4 9. cxd4 Bb6 10. e5 Ne8 11. Re1 Bb7 12. d5 Ne7 13. Bg5 Ba5 14. Re2 Bb4 15.
d6 cxd6 16. exd6 Bxd6 17. Nd4 Qb6 18. Bxe7 Bxe7 19. Rxe7 Qg6 20. f3 Qb6 21. Kh1
Qf6 22. Re2 Nd6 23. Ne6 dxe6 24. Qxd6 Bxf3 25. Rf2 Rad8 26. Qg3 Rc8 27. Nc3 b4
28. Ne4 Qd4 29. Qxf3 Rc7 30. Bxe6 Re7 31. Ng5 h6 32. Nxf7 1-0